000 01448nam0a2200397 4500
001 RU\NLR\bibl\233699
005 20250619111809.0
010 _a5-89154-069-X
_9300
021 _aRU
_b2001-50018
_92414
035 _a(NLR Aleph) 000229634
090 _a1336243
_c1336243
100 _a20020129d2001 |||y0rusy50 ca
101 0 _arus
102 _aRU
105 _ay |||||||||
200 1 _aПрезумпция невиновности обвиняемого в доказывании по уголовным делам
_fО. В. Левченко
_gАстрах. гос. техн. ун-т
210 _aАстрахань
_cАГТУ
_d2001
215 _a147 с.
_d21
320 _aБиблиогр. в подстроч. примеч.
606 0 _aПрезумпция невиновности
_92236988
_3RU\NLR\auth\661342443
606 0 _aДоказательства в уголовном процессе
606 0 _aПрезумпция невиновности в уголовном процессе
675 _a343.131.7
_v3
_zrus
686 _a10.77
_2rugasnti
686 _a67.408
_2rubbk
686 _aХ629.3-2
686 _aХ629.34
686 _aХ893.9
700 1 _aЛевченко
_bО. В.
_gОльга Владимировна
_4070
801 0 _aRU
_bRKP
_c20020129
_gPSBO
801 1 _aRU
_bRKP
_c20020129
801 2 _aRU
_bNLR
_c20020322
_grcr
942 _cBOOK
980 _aNB
980 _aNBR